Berliner platz 2 neu : deutsch im alltag lehrerhandreichungen
Αποθηκεύτηκε σε:
| Κύριος συγγραφέας: | |
|---|---|
| Άλλοι συγγραφείς: | , |
| Μορφή: | Βιβλίο |
| Γλώσσα: | German |
| Δημοσίευση: |
Munchen :
Langenscheidt,
2011
|
| Θέματα: | |
| Ετικέτες: |
Προσθήκη ετικέτας
Δεν υπάρχουν, Καταχωρήστε ετικέτα πρώτοι!
|
MARC
| LEADER | 00000cam a2200000 i 4500 | ||
|---|---|---|---|
| 001 | 1/57196 | ||
| 008 | 140929s2011 ger d | ||
| 020 | |a 978-3-468-47229-9 | ||
| 035 | |l 10119308 | ||
| 040 | |a GR-MY-UA |b gre |e aacr | ||
| 041 | 0 | |a ger | |
| 082 | 0 | |a 438.24 |2 (22) | |
| 100 | 1 | |a Kaufmann, Susan. | |
| 245 | 1 | 0 | |a Berliner platz 2 neu : |b deutsch im alltag lehrerhandreichungen / |c Susan Kaufmann ; in zusammenarbeit mit Anne Koker und Christiane Lemcke |
| 260 | |a Munchen : |b Langenscheidt, |c 2011 | ||
| 300 | |a 120 σ.; |b πίν.; |c 30 εκ. | ||
| 650 | 0 | 0 | |a German language |x Study and teaching |x Foreign students. |
| 700 | 1 | |a Lemcke, Christiane. | |
| 700 | 1 | |a Koker, Anne. |4 edt | |
| 852 | |a INST |b RHODES |e 20140929 |h 438.24 BER |p 005400036915 |q 005400036915 |t BK |y 0 | ||
| 901 | |a BIBL4-2014-3 | ||
| 909 | |a Ρ |b 183287 | ||
| 970 | |z 2014/09/29 | ||